000
00295nam a22001337a 4500
020
_a
978-81-291-3742-5
082
_a
824
_b
BHA/M
100
_a
BHAGAT,CHETAN
245
_a
MAKING INDIA AWESOME
260
_a
NEW DELHI
_b
RUPA
300
_a
177
650
_a
ESSAYS& COLUMNS
_z
NEW DELHI
942
_c
BK
999
_c
3644
_d
3644